000
00283nam a2200121Ia 4500
008
190216s9999||||xx |||||||||||||| ||und||
100
_a
Peter F Drucker
245
0
_a
Managing For Results
260
_b
Mannora Publications
_c
1970
300
_a
240p
650
_a
Commerce
942
_c
BK
999
_c
4643
_d
4643